• 首页
  • 本馆介绍
  • 公告通知
  • 最新文献
  • 馆藏检索
  • 电子资源
  • 读者导购
  • 参考咨询
  • 我的图书馆
  • 登录
  • 详细信息显示
  • 放入我的书架
  • 预约/预借图书
  • 作者相关作品
  • 分类相关作品
  • 丛书相关作品
  • 出版社相关作品

书目信息

  • 表格格式
  • 工作单格式
  • 卡片格式
题名:
女性性爱心理与性罪错
    
 
作者: 石起才 编著
分册:  
出版信息: 北京   中国政法大学出版社  1989.1
页数: 368页
开本: 19厘米
丛书名: 法制心理学丛书
单 册:
中图分类: D917 , B844.5
科图分类:
主题词: 女性-司法心理学 , 司法心理学-女性 , 发展心理学
电子资源:
ISBN: 7-5620-0172-3
000 01005nam2 2200289 45
001 0190012715
005 20071012085215.46
010    @a7-5620-0172-3@dCNY5.50
100    @a19921222d1989 ekmy0chiy0121 ea
101 0  @achi
102    @aCN@b110000
105    @ay z 000yy
200 10 @a女性性爱心理与性罪错@ANU“ XING XING AI XIN LI YU XING ZUI CUO@f石起才等编著@FSHI QI CAI DENG BIAN ZHU
210    @a北京@c中国政法大学出版社@d1989.1
215    @a368页@d19厘米
225 2  @a法制心理学丛书
330    @a本书是研究女性犯罪心理的一本专著。作者从女性的生理,心理特点出发,深刻全面地阐述了女性犯罪心理形成的原因,特点及其发展变化的基本规律等。
410  0 @120010@a法制心理学丛书
540 1  @a女性 性爱 心理 性罪 错@ANU“ XING XING AI XIN LI XING ZUI CUO
606    @a女性-司法心理学
606    @a司法心理学-女性
606 0  @a发展心理学
690    @aD917@v三版
690    @aB844.5@v4
701  0 @a石起才@ASHI QI CAI@4编著
801  0 @aCN@bTSSF@c20071012
905    @aZUCC@dB844.5@e935
    
    女性性爱心理与性罪错/石起才等编著.-北京:中国政法大学出版社,1989.1
    368页;19厘米.-(法制心理学丛书)
    
    
    ISBN 7-5620-0172-3:CNY5.50
    本书是研究女性犯罪心理的一本专著。作者从女性的生理,心理特点出发,深刻全面地阐述了女性犯罪心理形成的原因,特点及其发展变化的基本规律等。
●
相关链接 在E读中查询图书 在五车中查询图书 在当当中查询图书 在豆瓣中查询图书


正题名:女性性爱心理与性罪错     索取号:B844.5/935         预约/预借

序号 登录号 条形码 馆藏地/架位号 状态 备注
1 0276999   000577824   密集书库/ [索取号:B844.5/935] 在馆    
唐山师范学院图书馆 欢迎您!
大连网信软件有限公司© 版权所有